000 00286nam a22001457a 4500
020 _a0011
041 _aENG
100 _aGupta
245 _aWorkshop Technology Vol 2
260 _aDelhi
_bNew Heights
_c1964
300 _a523
650 _aFMP
700 _aKaushish
856 _uFMP
999 _c425
_d425